The Autobiography of Benjamin Franklin/ (Record no. 177770)

MARC details
000 -LEADER
fixed length control field 00595nam a22001817a 4500
005 - DATE AND TIME OF LATEST TRANSACTION
control field 20210302172624.0
010 ## - LCCN (DPL NO)
LC control number ENG-129125
020 ## - INTERNATIONAL STANDARD BOOK NUMBER
Terms of availability 150.00
International Standard Book Number 978-93-88720-82-3
035 ## - SYSTEM CONTROL NUMBER
System control number EN-112657
037 ## - SOURCE OF ACQUISITION
Source of stock number/acquisition DBAD/PUB
082 ## - DEWEY DECIMAL CLASSIFICATION NUMBER
Classification number 921
100 ## - MAIN ENTRY--PERSONAL NAME
Personal name Franklin, Benjamin
245 ## - TITLE STATEMENT
Title The Autobiography of Benjamin Franklin/
Statement of responsibility, etc Benjamin Franklin
260 ## - PUBLICATION, DISTRIBUTION, ETC. (IMPRINT)
Place of publication, distribution, etc Delhi
Name of publisher, distributor, etc Pharos Books (P) Ltd.
Date of publication, distribution, etc 2020
270 ## - ADDRESS
City Delhi
Postal code 110092
Address A-55, Main Mother Dairy Road, Pandav Nagar
Telephone number 8447931000, 9319228272
Electronic mail address sales@pharosbooks.in
300 ## - PHYSICAL DESCRIPTION
Extent 175p.
Dimensions 22cm(pbk)
942 ## - ADDED ENTRY ELEMENTS (KOHA)
Source of classification or shelving scheme Dewey Decimal Classification
Item type English Books
Classification part 921
Call number suffix FRA
Holdings
Withdrawn status Lost status Not for loan Collection code Home library Current library Date acquired Source of acquisition Cost, normal purchase price Full call number Barcode Copy number Cost, replacement price Koha item type
      Non-fiction Ashok Vihar Ashok Vihar 02/03/2021 DBAD/PUB 150.00 921 FRA EN-112657 1 150.00 English Books

© Delhi Public Library
Hit Counter
free hit counter